| 000 | 00914 am a2200289 a 4500 | ||
|---|---|---|---|
| 001 | 012306855 | ||
| 003 | EG-ScBUE | ||
| 005 | 20211104131417.0 | ||
| 008 | 931119s1992 enka f 000 0 eng d | ||
| 020 | _a0900939907 (pbk) | ||
| 040 |
_aUk _beng _erda _cUk _dEG-ScBUE |
||
| 043 | _ae-uk--- | ||
| 082 | 0 | 4 |
_a338.6420941 _bSMA _222 |
| 100 | 1 |
_aSmedley, Iain, _eauthor. |
|
| 245 | 1 | 0 |
_aSmall firms in the UK economy : _ba business leaders' view / _c[prepared by Iain Smedley] |
| 264 | 1 |
_aLondon : _bInstitute of Directors, _c1992. |
|
| 300 |
_a96 pages : _billustrations ; _c30 cm |
||
| 336 |
_atext _2rdacontent _btxt |
||
| 337 |
_aunmediated _2rdamedia _bn |
||
| 338 |
_avolume _2rdacarrier _bnc |
||
| 504 | _aIncludes bibliographical references. | ||
| 650 | 7 |
_aSmall firms _zGreat Britain. _2BUEsh |
|
| 653 |
_bBUSECO _cNovember2021 |
||
| 655 |
_vReading book _934232 |
||
| 942 |
_2ddc _cBB |
||
| 999 |
_c29635 _d29606 |
||